Normal view
MARC view
Entry Topical Term
001 - CONTROL NUMBER
- control field: 243
003 - CONTROL NUMBER IDENTIFIER
- control field: BD-RjUL
005 - DATE AND TIME OF LATEST TRANSACTION
- control field: 20211219123519.0
008 - FIXED-LENGTH DATA ELEMENTS
- fixed length control field: 211219|| aca||aabn | a|a d
040 ## - CATALOGING SOURCE
- Original cataloging agency: BD-RjUL
- Transcribing agency: BD-RjUL
150 ## - HEADING--TOPICAL TERM
- Topical term or geographic name entry element: Arabic language
- General subdivision: Rhetoric
670 ## - SOURCE DATA FOUND
- Source citation: Work cat.: (BD-RjUL)79020: اليازجى، ناصيف، ;; Al-Yazji, Nassif, 1800-1871 242, مجموع الادب في فنون العرب ;; majmue aladib fi funun alearab /, ١٨٨١.